000 01230nam a2200325 i 4500
001 bg
245 0 0 _aZwiększenie efektywności procesów przemysłowych i budowlanych /
_cpod red. Marleny Rajczyk, Jarosława Rajczyka, Sergeja Jevtiukova ; Politechnika Częstochowska. Wydział Budownictwa. Samodzielny Zakład Technologii i Organizacji Procesów Budowlanych.
260 _aCzęstochowa :
_bWydawnictwa PC,
_c2004.
300 _a347 s. :
_bil. ;
_c24 cm.
500 _aTekst częśc. ang., ros.
504 _aBibliogr. przy ref.
650 9 _aBudownictwo
_xtechnologia
650 9 _aKonstrukcje budowlane
650 9 _aMateriały budowlane
650 9 _aBudownictwo
_xmechanika
650 9 _aNaprężenia i odkształcenia
650 9 _aWytrzymałość materiałów
655 _aMateriały konferencyjne
700 1 _aRAJCZYK, Marlena.
_eRed.
700 1 _aRAJCZYK, Jarosław.
_eRed.
700 1 _aEvtjukov, Sergej Arkad~7evič
_eRed.
710 0 _aPolitechnika Częstochowska
_bWydział Budownictwa
020 _a8371932391
040 _cBPK
041 w _apolruseng
080 _a624.01/.07:69:620.17:539.3/.6](061)
920 _a83-7193-239-1
942 _cKS
008 s pl f |000 0 pol
999 _c45245
_d45245
856 _uhttp://koha.tu.koszalin.pl/cgi-bin/koha/opac-detail.pl?biblionumber=45245
_yKatalog online BPK